عرض عادي
عرض مارك
- التربية
مدخل مصطلح موضوعي
001 - رقم الضبط
- حقل الضبط: 94410
003 - معرف رقم الضبط
- حقل الضبط: OSt
005 - تاريخ ووقت أخر عملية
- حقل الضبط: 20220718121817.0
008 - عناصر بيانات ثابتة الطول
- حقل تحكم ثابت الطول: 220718|| aca||aabn | a|a d
040 ## - مصدر الفهرسة
- هيئة الفهرسة الأصلية: OSt
- وكالة الكتابة: OSt
150 ## - مدخل-- مصطلح تاريخي
- عنصر مدخل المصطلح الموضوعي او الاسم الجغرافي: التربية
670 ## - بيانات المصدر موجوده
- الاستشهاد بالمصدر: Work cat.: (OSt): العجرش، حيدر حاتم فالح 77153, أسس البحث في التربية وعلم النفس /, 2015
